| 000 | 00000nas##2200000za#4500 |
|---|---|
| 001 | 9.515201 |
| 003 | CaOODSP |
| 005 | 20200325131550 |
| 007 | ta |
| 008 | 150406c2004||||xxc|| m #||||f| |0eng|d |
| 040 | |aCaOODSP|beng |
| 043 | |an-cn--- |
| 086 | 1 |aEn49-31E |
| 110 | 1 |aCanada. |bEnvironment Canada. |bEnvironmental Protection Service. |
| 245 | 10|aEnvironmental Protection series. [Commercial chemicals] |
| 260 | |aOttawa - Ontario : |bEnvironment Canada. |
| 563 | |aSoftcover |
| 775 | 08|tRapports du service de la protection de l'environnement. [Produits chimiques commerciaux] |w(CaOODSP)9.513537 |